000 01002nam a2200265 a 4500
001 BRCA_6834
005 20190320205618.0
008 081111s2008----ja-a######---#000-0#eng-#
020 _a9780977834402
041 _aeng
044 _aja
050 4 _aNK7198.P5
_b.S77 2008
100 1 _aStromberg, Gobi
_917041
245 1 0 _aSilver Seduction
_bThe Art of Mexican Modernist Antonio Pineda : from the Collection of Cindy Tietze and Stuart Hodosh
_cGobi Stromberg ; with an essay by Ana Elena Mallet.
260 _aHong Kong
_bFowler Museum at UCLA
_cc2008
300 _a118 p.
_bil. (algunas a color)
_c26 cm.
500 _aIncluye piezas de la colección Franz Mayer: p. 24
500 _aIncluye índice alfabético
504 _aBibliografía: p. 182
600 1 4 _aPineda, Antonio
_d1919-
_vExposiciones
_917042
650 1 4 _aPlatería
_vExposiciones
_xHistoria
_ySiglo XX
_zMéxico
_917043
700 1 _aMallet Cárdenas, Ana Elena
_93427
710 2 _aFowler Museum at UCLA
_917044
942 _2lcc
_cB
999 _c6517
_d6517